00513pab a2200157 454500008004000000100002600040245011500066260000900181300001300190362001200203650003500215650002700250700002200277700002300299773003300322180718b1995 xxu||||| |||| 00| 0 eng d aIngraham, Patricia W. aPolitical management strategies and political/career relationshipbwhere are we now in the federal government. c1995 ap.263-72 aMay-Jun aGovernment executives - U.S.A. aCivil service - U.S.A. aEisenberg, Elliot aThompson, James R. aPublic Administration Review